Statistics for Jeopardy #8434

Click here to take the quiz!

General Stats

  • This quiz has been taken 41 times
  • The average score is 11 of 60

Answer Stats

CategoryCashClueAnswer% Correct
THE MOVIE IN QUESTION$4001937, starring Fred Astaire & Ginger Rogers: "Shall We ____"Dance
87%
THE MOVIE IN QUESTION$2001993, starring a young Johnny Depp: "What's Eating Gilbert ____"Grape
83%
NONFICTION$200Timothy Winegard's 2019 book about this insect is subtitled "A Human History of Our Deadliest Predator"the mosquito
74%
LANDFORMS$200Down in Florida, Canaveral is one of these, from Old French for "head"a cape
70%
14-LETTER WORDS$200In arithmetic this operation yields a productmultiplication
65%
"C" AS IN CAT$200Sadly, this fast spotted cat hasn't prospered--it's endangereda cheetah
61%
LANDFORMS$800This word for a type of landform comes from Old Norse for "inlet"a fjord
57%
"C" AS IN CAT$400The puma is also known as the catamount & this other "c"atthe cougar
43%
14-LETTER WORDS$400It's a comment made that puts things mildly compared to what actually transpiredan understatement
35%
14-LETTER WORDS$1000In states with no-fault divorce, one partner just has to state a reason things can't work out, such as these "differences"irreconcilable
35%
THE MOVIE IN QUESTION$6001977, starring Richard Pryor: "Which Way is ____?"Up
35%
THE FIRST OF JULY$1200Sony introduced this portable item July 1, 1979a Walkman
30%
BOSTON: NEWS CLUES$200(Hi, I'm David Wade.) In 1982, "Boston Magazine" named the Bull & Finch Pub in Beacon Hill the best neighborhood bar; it inspired this sitcom where everybody knew your name & in 1993, the cast gathered there, to celebrate the final episodeCheers
30%
THE FIRST OF JULY$400Bring on the summer blockbusters! On July 1, 1984 the MPAA introduced this new alphanumeric movie ratingPG-13
30%
NONFICTION$400In her book about this punctuation mark, Cecelia Watson wrote, "Big ideas are distilled down to a few winking drops of ink"the semicolon
30%
14-LETTER WORDS$800Rich tech people buying up Oakland homes causes this issue, a focus of the 2018 movie "Blindspotting"gentrification
26%
BOSTON: NEWS CLUES$400(Hi, I'm Kate Merrill.) In 1998, childhood friends Matt Damon & Ben Affleck won an Oscar for the screenplay of this film set at MIT & around Harvard where Damon originally began writing the scriptGood Will Hunting
26%
LANDFORMS$1000Climbers, beware of these French-named fissures that score the surface of glaciersa crevasse
22%
THE 3 "R"s$1200Framboise is the French name for this fruita raspberry
22%
"C" AS IN CAT$600Cats with this coat pattern caused by a genetic anomaly are almost always femalecalico
22%
THE MASKED MUSICIAN$400Gene Simmons says it takes him 2 hours to get into his makeup for this band; he said Paul Stanley takes 45 minutes but has less to doKiss
22%
BOSTON: NEWS CLUES$600(Hi, I'm Liam Martin.) On January 17, 1950, a group of armed masked men pulled off the crime of the century, stealing more than $2.7 million from this company's armored car depot in Boston; only a small amount of the money was ever recoveredBrink\'s
17%
THE MASKED MUSICIAN$1200Why did this hitmaking duo that broke up in 2021 wear helmets? "Robots are exciting to people"Daft Punk
17%
THE 3 "R"s$1600A transparent container for keeping reptiles indoorsa terrarium
13%
THE FIRST OF JULY$800This song officially became a national anthem July 1, 1980"O Canada"
13%
THE MASKED MUSICIAN$1600This Broadway musical title character began haunting the Majestic on Jan. 26, 1988 & stuck around for a whilethe Phantom of the Opera
13%
LANDFORMS$600Waves force water & air to spout through a rock fissure with this 8-letter name; here's one in Hawaiia blowhole
9%
TRYING ON SOME GENES$1200Later suspected in doping, the gene therapy repoxygen was developed to treat this disease by increasing the red blood cell countanemia
9%
"C" AS IN CAT$800Naturally, the breed known as this Rex was discovered on a farm in Cornwall, EnglandCornish
9%
THE MASKED MUSICIAN$800Despite what he sang in "Glass Onion", he was the walrus playing piano in the "Magical Mystery Tour" film(John) Lennon
9%
BOSTON: NEWS CLUES$1000(Hi, I'm Steve Burton.) John McCain is among the public officials who've been honored at the John F. Kennedy Presidential Library with an award for leadership, named for this Pulitzer Prize-winning book by JFKProfiles in Courage
9%
'TIS SHAKESPEARE$400John Dryden & his brother-in-law revised this tragedy so everybody (well, not Tybalt) lives happily ever afterRomeo and Juliet
9%
THE FIRST OF JULY$2000July 1, 1879 saw Charles Taze Russell publish the first edition of this Jehovah's witness magazineThe Watchtower
9%
TRYING ON SOME GENES$2000It's the "T" in the representation G-C-A-T of the 4 nucleic acid building blocks of DNAthymine
9%
TRYING ON SOME GENES$400TP53 is a gene that suppresses this, a mass of abnormal tissue growth; a mutated TP53 is linked with 50% of all cancerstumors
9%
NONFICTION$800"The Monk of Mokha" tells of a man hoping to revive this country's art of coffee makingYemen
9%
THE 3 "R"s$400"The Turn of the Screw" has an "unreliable" one of thesea narrator
4%
INNOVATING WOMEN$400Polly Smith, Lisa Lindahl & Hinda Miller patented the first one of these garments "suitable for women runners"a sports bra
4%
'TIS SHAKESPEARE$2000"Give me my robe, put on my crown; I have immortal longings in me", declares this character before taking her own lifeCleopatra
4%
'TIS SHAKESPEARE$1200The rousing "Band of Brothers" speech in this play takes place before the Battle of AgincourtHenry V
4%
NONFICTION$600"Over the Top" is a memoir by JVN, short for this grooming expert on Netflix's "Queer Eye"Jonathan Van Ness
4%
14-LETTER WORDS$600In the 1950s, the RF-101 was the first supersonic aircraft built for this observation purposereconnaissance
4%
'TIS SHAKESPEARE$1600In a bit of payback for all the female roles taken by men, in 1899, this French actress played HamletSarah Bernhardt
4%
'TIS SHAKESPEARE$800The movie "All is True", about Shakespeare in retirement, begins with the fire that destroyed this theatre in 1613the Globe Theatre
4%
RIVERSN/AIn "Notes on the State of Virginia", Thomas Jefferson said the most beautiful river on Earth is this one no longer in Virginiathe Ohio
4%
LANDFORMS$400The triangular shape of a spread-out deposit at the mouth of a stream gives it the name alluvial thisa delta (a fan)
0%
BOSTON: NEWS CLUES$800(Hi, I'm Lisa Hughes.) Local hero Pete Frates, the man who inspired the Ice Bucket Challenge, helped raise awareness & millions of dollars to fight this disease that claimed Lou Gehrig's life & sadly his own at 34ALS (amyotrophic lateral sclerosis)
0%
THE 3 "R"s$800Adjective for a legal judgment made without basis in lawarbitrary
0%
THE 3 "R"s$2000The blood-brain this is made of tight capillary walls & reduces the danger of mercury poisoningbarrier
0%
INNOVATING WOMEN$1200Tinder co-founder Whitney Wolfe Herd has created a lot of buzz since launching this dating app where women make the first moveBumble
0%
INNOVATING WOMEN$800In the early 1900s Melitta Bentz used a piece of blotting paper to create this & then a company to make themcoffee filters
0%
THE MASKED MUSICIAN$2000Known for "Ghosts N Stuff", this Canadian DJ got some help with his distinctive "rodent" look from the Jim Henson CompanyDeadmau5
0%
NONFICTION$1000This author's first major book was 1742's "A Short Treatise on the Game of Whist"Edmond Hoyle
0%
TRYING ON SOME GENES$1600An abnormal gene on chromosome 4 is the cause of this chorea or disease of the nervous system, described in 1872Huntington\'s
0%
THE MOVIE IN QUESTION$8002000, set in the 1930s: "O ____ ,____ ____ ____?"O Brother, Where Are Thou?
0%
INNOVATING WOMEN$1600Helping to develop medicines for gout, leukemia & malaria, Gertrude Elion was a pioneer in this 12-letter -ologypharmacology
0%
TRYING ON SOME GENES$800This "re" adjective for a molecule of genetic material means it's been spliced together using DNA from different sourcesrecombinant
0%
INNOVATING WOMEN$2000Many early rock-and-rollers were influenced by the innovative gospel great known as Sister herRosetta (Tharpe)
0%
"C" AS IN CAT$1000Neofelis nebulosa is the scientific name of this leopard with a strikingly marked coatthe clouded leopard
0%
THE MOVIE IN QUESTION$10001993, about the woman seen here; the 7-word titleWhat\'s Love Got to Do with It
0%

Score Distribution

Percentile by Number Answered

Percent of People with Each Score

Your Score History

You have not taken this quiz